Destinations 2 (Record no. 18413)
[ view plain ]
| 000 -LEADER | |
|---|---|
| fixed length control field | 00931cgm a22002537a 4500 |
| 005 - DATE AND TIME OF LATEST TRANSACTION | |
| control field | 20201128021101.0 |
| 007 - PHYSICAL DESCRIPTION FIXED FIELD--GENERAL INFORMATION | |
| fixed length control field | vd cgaizm |
| 008 - FIXED-LENGTH DATA ELEMENTS--GENERAL INFORMATION | |
| fixed length control field | 140923t2007 xxx f |||| 0| vneng d- |
| 020 ## - INTERNATIONAL STANDARD BOOK NUMBER | |
| International Standard Book Number | 1413022421 |
| 020 ## - INTERNATIONAL STANDARD BOOK NUMBER | |
| International Standard Book Number | 9781413022421 |
| 040 ## - CATALOGING SOURCE | |
| Original cataloging agency | EG-ScBUE |
| 082 00 - DEWEY DECIMAL CLASSIFICATION NUMBER | |
| Edition number | 22 |
| Classification number | 428.2 |
| Item number | HER |
| 100 1# - MAIN ENTRY--PERSONAL NAME | |
| 9 (RLIN) | 2822 |
| Personal name | Herzfeld-Pipkin, Nancy, |
| Dates associated with a name | 1951- |
| 245 10 - TITLE STATEMENT | |
| Title | Destinations 2 |
| Medium | [videorecording] : |
| Remainder of title | writing and grammar for academic success : exam view pro assessment CD-Rom / |
| Statement of responsibility, etc | Nancy Herzfeld-Pipkin, Jill Ortman. |
| 246 30 - VARYING FORM OF TITLE | |
| Title proper/short title | Destination two |
| 260 ## - PUBLICATION, DISTRIBUTION, ETC. (IMPRINT) | |
| Place of publication, distribution, etc | [S. l.] : |
| Name of publisher, distributor, etc | Thomson Heinle, |
| Date of publication, distribution, etc | c.2007. |
| 300 ## - PHYSICAL DESCRIPTION | |
| Extent | 1 CD-ROM. |
| 650 #0 - SUBJECT ADDED ENTRY--TOPICAL TERM | |
| 9 (RLIN) | 13890 |
| Topical term or geographic name as entry element | English language |
| General subdivision | Grammar |
| Form subdivision | Problems, exercises, etc. |
| 650 #0 - SUBJECT ADDED ENTRY--TOPICAL TERM | |
| 9 (RLIN) | 10260 |
| Topical term or geographic name as entry element | English language |
| General subdivision | Rhetoric |
| Form subdivision | Problems, exercises, etc. |
| 650 #0 - SUBJECT ADDED ENTRY--TOPICAL TERM | |
| 9 (RLIN) | 7241 |
| Topical term or geographic name as entry element | Report writing |
| Form subdivision | Problems, exercises, etc. |
| 653 ## - INDEX TERM--UNCONTROLLED | |
| -- | EEENG |
| -- | September2014 |
| 700 1# - ADDED ENTRY--PERSONAL NAME | |
| 9 (RLIN) | 1440 |
| Personal name | Ortman, Jill |
| 942 ## - ADDED ENTRY ELEMENTS (KOHA) | |
| Source of classification or shelving scheme | Dewey Decimal Classification |
| Item type | |
| Call number prefix | 428.2 HER TR |
| Withdrawn status | Lost status | Source of classification or shelving scheme | Materials specified (bound volume or other part) | Damaged status | Not for loan | Koha collection | Home library | Current library | Shelving location | Date acquired | Source of acquisition | Total Checkouts | Full call number | Barcode | Date last seen | Koha item type |
|---|---|---|---|---|---|---|---|---|---|---|---|---|---|---|---|---|
| Dewey Decimal Classification | Lost In Inventory_2015-8-23 | Baccah | Central Library | Central Library | Second Floor | 25/09/2014 | 428.2 HER TR | 000036385 | 24/08/2022 | CD | DVD - Teacher resource | ||||||
| Dewey Decimal Classification | Baccah | Central Library | Central Library | Second Floor | 25/09/2014 | 428.2 HER TR | 000036386 | 24/08/2022 | CD | DVD - Teacher resource | |||||||
| Dewey Decimal Classification | Baccah | Central Library | Central Library | Second Floor | 25/09/2014 | 428.2 HER TR | 000036387 | 24/08/2022 | CD | DVD - Teacher resource | |||||||
| Dewey Decimal Classification | Baccah | Central Library | Central Library | Second Floor | 25/09/2014 | 428.2 HER TR | 000036388 | 24/08/2022 | CD | DVD - Teacher resource |